Medicine at Harvard : (Record no. 1415)

000 -LEADER
fixed length control field 01038nam a22003137a 4500
001 - CONTROL NUMBER
control field 1745635
003 - CONTROL NUMBER IDENTIFIER
control field OSt
005 - DATE AND TIME OF LATEST TRANSACTION
control field 20210426071032.0
008 - FIXED-LENGTH DATA ELEMENTS--GENERAL INFORMATION
fixed length control field 780308s1977 nhua b 001 0 eng
010 ## - LIBRARY OF CONGRESS CONTROL NUMBER
LC control number 75040869
020 ## - INTERNATIONAL STANDARD BOOK NUMBER
International Standard Book Number 0874511224
040 ## - CATALOGING SOURCE
Original cataloging agency DLC
Transcribing agency DLC
Modifying agency DLC
Language of cataloging eng
041 ## - LANGUAGE CODE
Language code of text/sound track or separate title eng
043 ## - GEOGRAPHIC AREA CODE
Geographic area code n-us-ma
050 00 - LIBRARY OF CONGRESS CALL NUMBER
Classification number R747.H373
Item number B43
080 ## - UNIVERSAL DECIMAL CLASSIFICATION NUMBER
Universal Decimal Classification number 61 (09)
Item number B-37
082 00 - DEWEY DECIMAL CLASSIFICATION NUMBER
Classification number 610/.7/1174461
100 1# - MAIN ENTRY--PERSONAL NAME
Personal name Beecher, Henry K.
Fuller form of name (Henry Knowles),
Dates associated with a name 1904-1976.
245 10 - TITLE STATEMENT
Title Medicine at Harvard :
Remainder of title the first three hundred years /
Statement of responsibility, etc. / by: University Press of New England
260 ## - PUBLICATION, DISTRIBUTION, ETC.
Place of publication, distribution, etc. Hanover, N.H.
Name of publisher, distributor, etc. University Press of New England
Date of publication, distribution, etc. 1977.
300 ## - PHYSICAL DESCRIPTION
Extent xiv, 587 p.
Other physical details ill.
Dimensions 25 cm.
504 ## - BIBLIOGRAPHY, ETC. NOTE
Bibliography, etc. note Includes bibliographical references and index.
610 20 - SUBJECT ADDED ENTRY--CORPORATE NAME
Corporate name or jurisdiction name as entry element Harvard Medical School
General subdivision History.
650 #0 - SUBJECT ADDED ENTRY--TOPICAL TERM
9 (RLIN) 335
Topical term or geographic name entry element History of Medicine
653 ## - INDEX TERM--UNCONTROLLED
Uncontrolled term მედიცინის ისტორია
700 1# - ADDED ENTRY--PERSONAL NAME
Personal name Altschule, Mark D.,
Relator term joint author.
906 ## - LOCAL DATA ELEMENT F, LDF (RLIN)
a 7
b cbc
c orignew
d 2
e ocip
f 19
g y-gencatlg
942 ## - ADDED ENTRY ELEMENTS (KOHA)
Source of classification or shelving scheme
Koha item type Books
Holdings
Withdrawn status Lost status Source of classification or shelving scheme Damaged status Not for loan Permanent location Current location Date acquired Inventory number Total Checkouts Full call number Barcode Date last seen Price effective from Koha item type
          Ken Walker International University Ken Walker International University 02/16/2021 2254   61 (09) B-37 2254 02/16/2021 02/16/2021 Books

Powered by Koha